000
00208nam a22000857a 4500
008
161220b xxu||||| |||| 00| 0 eng d
100
_9
2140
_a
CCE
245
_a
English in Interact-IX
260
_a
New Delhi
_b
CCE
_c
2011
999
_c
5021
_d
5021